000 00587nam a22001817a 4500
999 _c179024
_d179024
005 20210512153700.0
010 _aENG-129503
020 _c200.00
_a978-93-89965-21-6
035 _aEN-113035
037 _bDBAD/PUB
082 _a371.200941
100 _aVengatesan, K.
245 _aEducational Management and Administration:
_b/
_cK. Vengatesan
260 _bGurushishya Yogam
_aChennai
_c2020
270 _aChennai
_bChennai
_e600044
_mgurushishyayogam@gmail.com
_k9941426051
300 _a255p.
_c22cm(pbk)
_bIncluding Reference
942 _2ddc
_cEN
_h371.200941
_mVEN